Sports Quiz

Random Sports or Football Quiz

NFL Rushing Leaders by Letter Quiz Stats

 Plays Quiz Updated Jan 11, 2021

Support Sporcle.
Go Orange.
Score 0/25 Timer 06:00
3 Plays Today
Letter Player % Correct
SEmmitt Smith
92%
PWalter Payton
78%
TLaDainian Tomlinson
62.5%
DEric Dickerson
50.2%
JEdgerrin James
48.9%
BJerome Bettis
48.4%
AMarcus Allen
43.3%
MCurtis Martin
43.2%
FMarshall Faulk
40.6%
HFranco Harris
35.7%
LJamal Lewis
33.6%
GFrank Gore
29.2%
RJohn Riggins
28.1%
Letter Player % Correct
CEarl Campbell
25.7%
YSteve Young
19.2%
WRicky Watters
18.2%
OChristian Okoye
13.3%
UJohnny Unitas
8.3%
ZAmos Zereoue
4.5%
EEzekiel Elliott
4.4%
KLeroy Kelly
4.4%
NJim Nance
3.7%
VMark van Eeghen
2.8%
IMark Ingram
2.7%
QSkeets Quinlan
1%

From the Vault

Word Hourglass II

by sproutcm

These are the Sporcles of our lives...
Remove Ads.
Support Sporcle.
Get the best of Sporcle when you Go Orange. This ad-free experience offers more features, more stats, and more fun while also helping to support Sporcle. Thank you for becoming a member.

Show Comments

Extras

Top Quizzes Today


Score Distribution

Your Account Isn't Verified!

In order to create a playlist on Sporcle, you need to verify the email address you used during registration. Go to your Sporcle Settings to finish the process.

Report this User

Report this user for behavior that violates our Community Guidelines.

Details: